Sentido y actualidad del derecho administrativo / Adolfo Serrano Triana
ISBN:
84-7754-053-5
Descripción Física:
1 v. (208 p.) ; 24 cm
Colección:
Eudema Universidad. Manuales
Materias:
Dret administratiu -- Espanya
MARC
| LEADER | 00000nam a2200000Ia 4500 | ||
|---|---|---|---|
| 001 | 18349 | ||
| 008 | 160829s1989 xx 000 0 cat d | ||
| 020 | |a 84-7754-053-5 | ||
| 080 | |a D-3-129 | ||
| 100 | |a Serrano Triana, Adolfo |9 23569 | ||
| 245 | |a Sentido y actualidad del derecho administrativo / Adolfo Serrano Triana | ||
| 260 | |a Madrid : |b Eudema, |c 1989 | ||
| 300 | |a 1 v. (208 p.) ; |c 24 cm | ||
| 490 | |a Eudema Universidad. Manuales | ||
| 650 | 0 | |a Dret administratiu |z Espanya |9 23238 | |
| 901 | |a Arxiu | ||
| 942 | |n 1 | ||
| 952 | |0 1 |1 0 |2 udc |4 0 |5 2 |6 D3129 |7 1 |9 42757 |a Arxiu |b Arxiu |d 2016-12-01 |l 0 |o D-3-129 |p 18349 |r 2016-12-01 00:00:00 |w 2016-12-01 |y ARXIU | ||
| 999 | |c 45263 |d 45263 | ||